000 00595nam a2200229Ia 4500
003 OSt
005 20220928104710.0
006 a|||||r|||| 00| 0
007 ta
008 220927b |||||||| |||| 00| 0 eng d
024 _a28905
037 _cTextual
040 _aSDCL
_cSDCL
_beng
041 _2eng
_aeng
082 _aV2y7N19, N7
100 _aVandana S
_9411590
245 0 _aI K Gujral
_b New hope of India.
260 _aNew Delhi
_bA P H Publishing
_c1997
300 _a298p
_ccm.
942 _hV2y7N19, N7
_cTEXL
_2CC
999 _c727282
_d727282